| 000 -LEADER |
| fixed length control field |
nam a22 a 4500 |
| 003 - CONTROL NUMBER IDENTIFIER |
| control field |
AKMAL |
| 005 - DATE AND TIME OF LATEST TRANSACTION |
| control field |
20170517160936.0 |
| 008 - FIXED-LENGTH DATA ELEMENTS--GENERAL INFORMATION |
| fixed length control field |
170517s2005 my o e|| 000 0 may d |
| 020 ## - INTERNATIONAL STANDARD BOOK NUMBER |
| International Standard Book Number |
9676116998 (kkt. ) : |
| Terms of availability |
RM45.00 |
| 039 #9 - LEVEL OF BIBLIOGRAPHIC CONTROL AND CODING DETAIL [OBSOLETE] |
| Level of rules in bibliographic description |
201005211044 |
| Level of effort used to assign nonsubject heading access points |
fadilah |
| Level of effort used to assign subject headings |
200601191631 |
| Level of effort used to assign classification |
anisatul |
| Level of effort used to assign subject headings |
200509171503 |
| Level of effort used to assign classification |
manoriah |
| Level of effort used to assign subject headings |
200508190905 |
| Level of effort used to assign classification |
shaharudin |
| 040 ## - CATALOGING SOURCE |
| Original cataloging agency |
AKMAL |
| Transcribing agency |
AKMAL |
| 049 ## - LOCAL HOLDINGS (OCLC) |
| Holding library |
klpmal |
| 082 04 - DEWEY DECIMAL CLASSIFICATION NUMBER |
| Classification number |
646.7042 SAR |
| Edition number |
22 |
| 090 00 - LOCALLY ASSIGNED LC-TYPE CALL NUMBER (OCLC); LOCAL CALL NUMBER (RLIN) |
| Classification number (OCLC) (R) ; Classification number, CALL (RLIN) (NR) |
646.7042 |
| Local cutter number (OCLC) ; Book number/undivided call number, CALL (RLIN) |
SAR |
| 090 20 - LOCALLY ASSIGNED LC-TYPE CALL NUMBER (OCLC); LOCAL CALL NUMBER (RLIN) |
| Classification number (OCLC) (R) ; Classification number, CALL (RLIN) (NR) |
646.7042 |
| Local cutter number (OCLC) ; Book number/undivided call number, CALL (RLIN) |
SAR |
| 100 0# - MAIN ENTRY--PERSONAL NAME |
| Personal name |
Sarimah Ahmad, |
| Titles and words associated with a name |
Dato' |
| 9 (RLIN) |
5786 |
| 245 10 - TITLE STATEMENT |
| Title |
Petua kecantikan daripada Dato' Sarimah Ahmad : |
| Remainder of title |
luar & dalam/ |
| Statement of responsibility, etc. |
Dato' Sarimah Ahmad |
| 246 3# - VARYING FORM OF TITLE |
| Title proper/short title |
Petua kecantikan daripada Dato' Sarimah Ahmad : |
| Remainder of title |
luar dan dalam |
| 260 ## - PUBLICATION, DISTRIBUTION, ETC. |
| Place of publication, distribution, etc. |
Kuala Lumpur : |
| Name of publisher, distributor, etc. |
Utusan Publications & Distributors, |
| Date of publication, distribution, etc. |
2005 |
| 300 ## - PHYSICAL DESCRIPTION |
| Extent |
91ms. : |
| Other physical details |
gf. wrn. ; |
| Dimensions |
30cm. |
| 600 0# - SUBJECT ADDED ENTRY--PERSONAL NAME |
| Personal name |
Sarimah Ahmad, |
| Titles and other words associated with a name |
Dato' |
| 9 (RLIN) |
5786 |
| 650 10 - SUBJECT ADDED ENTRY--TOPICAL TERM |
| Topical term or geographic name entry element |
Beauty, Personal |
| 9 (RLIN) |
2962 |
| 650 20 - SUBJECT ADDED ENTRY--TOPICAL TERM |
| Topical term or geographic name entry element |
Women |
| General subdivision |
Health and hygiene |
| 9 (RLIN) |
2965 |
| 942 ## - ADDED ENTRY ELEMENTS (KOHA) |
| Source of classification or shelving scheme |
|
| Koha item type |
Book |